00559nam a2200169 4500001000700000003000900007005001700016007000300033008004100036100002400077245015600101250001400257260004100271300002800312700001800340852003100358120865ES-MaACL20230906191634.0t|070214s1939 xxk r ||||1| eng d1 aPollock, Frederick.10aPollock's law torts b: a treatise on the principles of obligations arising from civil wrongs in the common law / cby Frederick Pollock, P. A. Landon. a14ยช. ed. aLondon : bStevens and Sons, c1939. aXLVI, 504 p. ; c25 cm.1 aLandon, P. A. aES-MaACLjC-4302 bR.24137